Computer graphics : (Record no. 41733)

MARC details
000 -LEADER
fixed length control field 00801nam a22002057a 4500
005 - DATE AND TIME OF LATEST TRANSACTION
control field 20100813160935.0
010 ## - LCCN (DPL NO)
LC control number ENG-100250
020 ## - INTERNATIONAL STANDARD BOOK NUMBER
International Standard Book Number 9789380060149
Terms of availability 175.00
035 ## - SYSTEM CONTROL NUMBER
System control number EN-83782
037 ## - SOURCE OF ACQUISITION
Source of stock number/acquisition DBAD/PUB
082 ## - DEWEY DECIMAL CLASSIFICATION NUMBER
Classification number 006.6
100 ## - MAIN ENTRY--PERSONAL NAME
Personal name Mahamuni, K.
245 ## - TITLE STATEMENT
Title Computer graphics :
Remainder of title for under graduate and post graduate computer science students of Indian universities /
Statement of responsibility, etc by K. Mahamuni
260 ## - PUBLICATION, DISTRIBUTION, ETC. (IMPRINT)
Place of publication, distribution, etc Salem
Name of publisher, distributor, etc M.S.K. Publications
Date of publication, distribution, etc 2009
270 ## - ADDRESS
Address 3/189-E, Athanoor Amman Kovil St., Masinayaganpatti
City Salem
Postal code 636103
300 ## - PHYSICAL DESCRIPTION
Extent 123p.
Dimensions 21cm (pbk)
500 ## - GENERAL NOTE
General note Includes references
942 ## - ADDED ENTRY ELEMENTS (KOHA)
Source of classification or shelving scheme Dewey Decimal Classification
Item type English Books
Classification part 006.6
Call number suffix MAH
Holdings
Withdrawn status Lost status Not for loan Collection code Home library Current library Date acquired Source of acquisition Cost, normal purchase price Full call number Barcode Copy number Cost, replacement price Koha item type
    Not For Loan Non-fiction D.B.Act.Division D.B.Act.Division 13/08/2010 DBAD/PUB 175.00 006.6 MAH EN-83782 1 175.00 English Books

© Delhi Public Library
Hit Counter
free hit counter